000
00309nam a22001337a 4500
003
OSt
005
20220218093756.0
008
220218b |||||||| |||| 00| 0 eng d
020
_a
139780071259477
040
_c
HU
082
_2
4th
_a
658.5752
245
_a
Product Design & Development
942
_2
ddc
_c
BOOKS
_n
0
999
_c
30735
_d
30735